000 00742nam a2200229 i 4500
001 bg
003 BPK
005 20221223124512.0
008 s2002 pl a g |000 0 pol
020 _a8301137355 (t. 11)
020 _a8301133570 (30 t.)
040 _cBPK
080 _a0/9
080 _a(03)
245 0 0 _aWielka encyklopedia PWN.
_n1,
_pGunadhja-iglaste /
_c[red. nacz. Jan Wojnowski].
260 _aWarszawa :
_bWydaw. Naukowe PWN,
_ccop. 2002.
300 _a576 s. :
_bil. (w tym kolor.), mapy kolor. ;
_c30 cm.
655 4 _aEncyklopedie polskie
700 1 _aWojnowski, Jan.
_eRed.
942 _cKS
_2udc
856 _uhttp://koha.tu.koszalin.pl/cgi-bin/koha/opac-detail.pl?biblionumber=42036
_yKatalog online BPK
999 _c42036
_d42036